000 00889nam0a22002291i 4500
001 rc\1063691
005 20240723213714.0
035 _a(NLR Aleph) 006224187
090 _a6502388
_c6502388
100 _a20041129d1980 u |0rusy50 ca
101 0 _arus
102 _aRU
105 _aa |||||||||
200 1 _aРазработка принципов создания подсистемы ОАСУ-кадры
_e(На прим. отрасли связи ЧССР)
_eАвтореф. дис. на соиск. учен. степ. канд. экон. наук
_e(08.00.13)
210 _aМ.
_d1980
215 _a17 с.
_cсхем.
300 _aВ надзаг.: Моск. ин-т нар. хоз-ва им. Г.В. Плеханова
700 1 _aКраус
_bП.Б.
_gПавел Богуслав
801 0 _aRU
_bNLR
_gpsbo
801 1 _aRU
_bELAR
_2rusmarc
852 _aNLR
_j81-4/12791
942 _cBOOK